000 00529nam a22001697a 4500
999 _c12091
_d12091
008 190116b ||||| |||| 00| 0 eng d
020 _a791-542-291-8
082 _22001
_aDFil 899.211
_bP53
245 _aSamal genesis /
_cDamiana L. Eugenio (Compiler and Editor)
260 _aQuezon City:
_bUP Press,
_c2001
300 _aPages 98-100;
_c23 cm.
500 _aPhilippine Folk Literature
650 _aMythology
_934287
650 _aLegends
_934288
650 _aPhilippine folk literature (English)
_934289
942 _2ddc
_cDFIL